| 000 | 003990000a22001570004500 | ||
|---|---|---|---|
| 003 | MACL | ||
| 005 | 20160305124108.0 | ||
| 008 | 160305b xxu||||| |||| 00| 0 eng d | ||
| 040 |
_aMACL _cMACL |
||
| 041 | _aHindi | ||
| 082 | _a891.432 | ||
| 100 |
_aदिक्षित रामाश्रय _942970 |
||
| 245 | _aएक भेटं | ||
| 650 |
_aDrama _942971 |
||
| 942 |
_cHIN _k891.432 _2ddc |
||
| 999 |
_c25136 _d25136 |
||